000 00583nam a2200229Ia 4500
003 OSt
005 20220924143355.0
006 a|||||r|||| 00| 0
007 ta
008 220923b |||||||| |||| 00| 0 urd d
024 _a307905
037 _cTextual
040 _aARTS
_cARTS
_burd
041 _2urd
_aurd
082 _aDelta73E78, 168F6
100 _aDaud Abul Bayan
_9215562
245 0 _aSeerat ghaus-e-aazam
260 _c1926
650 _aMYSTICISM
942 _hDelta73E78, 168F6
_cTEXL
_2CC
999 _c454213
_d454213